Statistics for Capitals of the World in 1900

Click here to take the quiz!

General Stats

  • This quiz has been taken 176 times
  • The average score is 59 of 94

Answer Stats

Country% Correct
FranceParis
100%
GreeceAthens
99%
GermanyBerlin
99%
Ottoman EmpireConstantinople
99%
DenmarkCopenhagen
99%
SpainMadrid
99%
ItalyRome
99%
Austria-HungaryVienna
99%
NetherlandsAmsterdam
98%
Austria-HungaryBudapest
98%
Sweden-NorwayChristiania
98%
PortugalLisbon
98%
United KingdomLondon
98%
LuxembourgLuxembourg
98%
MonacoMonaco
98%
RussiaSaint Petersburg
98%
San MarinoSan Marino
98%
BulgariaSofia
98%
Sweden-NorwayStockholm
98%
BelgiumBrussels
97%
RomaniaBucharest
97%
SerbiaBelgrade
96%
SwitzerlandBern
96%
JapanTokyo City
94%
CanadaOttawa
93%
MexicoMexico City
92%
ChinaPeking
92%
BrazilRio de Janeiro
92%
PersiaTehran
92%
United StatesWashington D.C.
92%
SiamBangkok
91%
KoreaHanseong
91%
ArgentinaBuenos Aires
90%
CubaHavana
90%
PeruLima
89%
ChileSantiago
89%
LiechtensteinVaduz
89%
AndorraAndorra la Vella
88%
PanamaPanama City
88%
ColombiaBogotá
87%
EcuadorQuito
86%
VenezuelaCaracas
85%
NepalKathmandu
85%
BoliviaLa Paz / Sucre
85%
HaitiPort-au-Prince
85%
El SalvadorSan Salvador
85%
UruguayMontevideo
84%
EthiopiaAddis Ababa
83%
GuatemalaGuatemala City
82%
Costa RicaSan Jose
82%
ParaguayAsunción
81%
Dominican RepublicSanto Domingo
79%
AbujaAbuja
76%
LiberiaMonrovia
76%
NicaraguaManagua
73%
HondurasTegucigalpa
68%
MoroccoFez
61%
TransvaalPretoria
59%
Orange Free StateBloemfontein
52%
TongaNuku'alofa
48%
SokotoSokoto
48%
BiuBiu
43%
OnitshaOnitsha
40%
AngocheAngoche
39%
GumelGumel
39%
WukariWukari
38%
PotiskumPotiskum
36%
AcreCidade do Acre
33%
Ilé-Ifẹ̀Ilé-Ifẹ̀
32%
Lafia Beri-BeriLafia
32%
DhalaDhala
29%
AcehKutaraja
25%
MontenegroCetinje
23%
Jabal ShammarHa'il
14%
AïrAgadez
10%
CruzobChan Santa Cruz
8%
BaliKlungkung
8%
BhutanPunakha
8%
SwazilandBremersdorp
7%
Congo Free StateBoma
5%
OuaddaiAbéché
4%
Upper YafaMahjaba
3%
TrarzaRosso
3%
Dervish StateTaleh
3%
GelediAfgooye
2%
BraknaAleg
2%
KebbiArgungu
2%
AroArochukwu
2%
Rabih's EmpireDikwa
2%
IgalaIdah
2%
DendiLulami
2%
KubaNsheng
2%
TagantTidjikja
2%
MutapaZvongombe
2%

Score Distribution

Percentile by Number Answered

Percent of People with Each Score

Your Score History

You have not taken this quiz